Statistiche per Gradi della Marina militare italiana

Clicka qui per fare il quiz!

Statistiche generali

  • Questo quiz è stato fatto 277 volte
    (55 dall'ultimo reset)
  • Il punteggio medio è 13 su 34

Statistiche sulle risposte

CategoriaGrado NATOEsercito% Corretto
UfficialiOF-10Ammiraglio
92%
UfficialiOF-4Capitano di fregata
69%
UfficialiOF-3Capitano di corvetta
65%
UfficialiOF-5Capitano di vascello
58%
UfficialiOF-6Contrammiraglio
58%
UfficialiOF-1Guardiamarina
58%
SottufficialiOR-5Sergente
58%
UfficialiOF-2Tenente di vascello
58%
UfficialiOF-7Ammiraglio di divisione
50%
UfficialiOF-8Ammiraglio di squadra
50%
SottufficialiOR-9Primo luogotenente
50%
SottufficialiOR-9Luogotenente
46%
UfficialiOF-1Sottotenente di vascello
46%
SottufficialiOR-9Capo di prima classe
42%
UfficialiOF-DAspirante guardiamarina
38%
SottufficialiOR-8Capo di seconda classe
38%
SottufficialiOR-8Capo di terza classe
38%
SottufficialiOR-9Primo maresciallo
38%
Graduati (VSP)OR-4Sottocapo di terza classe
35%
Graduati (VSP)OR-4Sottocapo di prima classe
31%
Graduati (VSP)OR-4Sottocapo di seconda classe
31%
UfficialiOF-7Ammiraglio ispettore
27%
UfficialiOF-2Primo tenente di vascello
27%
UfficialiOF-9Ammiraglio di squadra con incarichi speciali
23%
Truppa (VFP)OR-2Comune di prima classe
23%
Truppa (VFP)OR-1Comune di seconda classe
23%
SottufficialiOR-6Secondo capo
23%
SottufficialiOR-7Secondo capo scelto
23%
Graduati (VSP)OR-4Sottocapo scelto
23%
Truppa (VFP)OR-3Comune scelto
19%
SottufficialiOR-7Secondo capo aiutante
19%
Graduati (VSP)OR-4Sottocapo aiutante
19%
UfficialiOF-8Ammiraglio ispettore capo
15%
UfficialiOF-7Ammiraglio ispettore comandante
15%

Distribuzione punteggi

Percentile per numero di risposta

Percentuale di utenti per punteggio

I tuoi punteggi nel tempo

Non hai fatto questo quiz dall'ultimo reset